Countries not receiving U.S. military aid (security) as of 2023 - Statistics

General Stats
  • This quiz has been taken 44 times
  • The average score is 16 of 23
Answer Stats
Hint Answer % Correct
7 China
100%
18 Russia
100%
8 Cuba
93%
12 Iran
93%
1 Afghanistan
89%
17 North Korea
89%
21 Syria
85%
22 Venezuela
85%
2 Belarus
78%
20 Sudan
74%
14 Mali
70%
15 Myanmar
70%
9 Eritrea
67%
19 South Sudan
67%
16 Nicaragua
59%
6 Cambodia
56%
13 Libya
56%
3 Bolivia
52%
10 Ethiopia
52%
4 Burkina Faso
48%
23 Zimbabwe
44%
5 Burundi
41%
11 Guinea
30%
No matching quizzes found
Score Distribution
Percent of People with Each Score
Percentile by Number Answered
Your Score History
You have not taken this quiz